| 000 | 00777nam a22002417a 4500 | ||
|---|---|---|---|
| 005 | 20140224123802.0 | ||
| 010 | _aENG-109374 | ||
| 020 |
_a9789381075470 _c350.00 |
||
| 035 | _aEN-92907 | ||
| 037 | _bDBAD/PUB | ||
| 082 | _a621.381 | ||
| 100 | _aSubramanyam, P. S. | ||
| 245 |
_aBasic electrical and electronics engineering / _cby P. S. Subramanyam, Bhupendra Singh KIrar [and] Seema Kirar |
||
| 250 | _a | ||
| 260 |
_aHyderabad _bBS Publications _c2011 |
||
| 270 |
_a4-4-309, Giriraj Lane, Sultan Bazar _bHyderabad _e500095 |
||
| 300 |
_axxvii,560p. _c24cm(pbk) |
||
| 500 | _aIncludes bibliographical references | ||
| 700 | _dSubramanyam, P. S. | ||
| 700 | _dKirar, Bhupendra Singh | ||
| 700 | _dKirar, Seema | ||
| 942 |
_2ddc _cEN _mSUB _h621.381 |
||
| 999 |
_c82671 _d82671 |
||